Fundamentals of nursing : (Record no. 20241)
[ view plain ]
| 000 -LEADER | |
|---|---|
| fixed length control field | 01132cam a22003015a 4500 |
| 001 - CONTROL NUMBER | |
| control field | 015959686 |
| 003 - CONTROL NUMBER IDENTIFIER | |
| control field | OSt |
| 005 - DATE AND TIME OF LATEST TRANSACTION | |
| control field | 20201128021415.0 |
| 008 - FIXED-LENGTH DATA ELEMENTS--GENERAL INFORMATION | |
| fixed length control field | 111028s2013 paua b 001 0 eng|d |
| 020 ## - INTERNATIONAL STANDARD BOOK NUMBER | |
| International Standard Book Number | 9781451172058 (hbk.) |
| 020 ## - INTERNATIONAL STANDARD BOOK NUMBER | |
| International Standard Book Number | 1451172052 (hbk.) |
| 040 ## - CATALOGING SOURCE | |
| Original cataloging agency | StDuBDS |
| Language of cataloging | eng |
| Transcribing agency | StDuBDS |
| Modifying agency | Uk |
| -- | EG-ScBUE |
| -- | EG-ScBUE |
| 082 04 - DEWEY DECIMAL CLASSIFICATION NUMBER | |
| Classification number | 610.73 |
| Item number | FUN |
| Edition number | 22 |
| 245 00 - TITLE STATEMENT | |
| Title | Fundamentals of nursing : |
| Remainder of title | human health and function / |
| Statement of responsibility, etc | [editors] Ruth F. Craven, Constance J. Hirnle, Sharon Jensen. |
| 250 ## - EDITION STATEMENT | |
| Edition statement | 7th ed., International ed. |
| 260 ## - PUBLICATION, DISTRIBUTION, ETC. (IMPRINT) | |
| Place of publication, distribution, etc | Philadelphia : |
| Name of publisher, distributor, etc | Wolters Kluwer Health / Lippincott Williams & Wilkins, |
| Date of publication, distribution, etc | c.2013. |
| 300 ## - PHYSICAL DESCRIPTION | |
| Extent | xxiii, 1487 p. : |
| Other physical details | ill. (col.) ; |
| Dimensions | 29 cm. |
| 500 ## - GENERAL NOTE | |
| General note | Index : p. 1459-1487. |
| 500 ## - GENERAL NOTE | |
| General note | Visit "http://thepoint.lwww.com/craven7e" for resoures for students. |
| 504 ## - BIBLIOGRAPHY, ETC. NOTE | |
| Bibliography, etc | Includes bibliographical references. |
| 650 #7 - SUBJECT ADDED ENTRY--TOPICAL TERM | |
| Topical term or geographic name as entry element | Nursing. |
| Source of heading or term | BUEsh |
| 9 (RLIN) | 2162 |
| 651 ## - SUBJECT ADDED ENTRY--GEOGRAPHIC NAME | |
| Source of heading or term | BUEsh |
| 653 ## - INDEX TERM--UNCONTROLLED | |
| Resource For college | Nursing |
| Arrived date list | July2015 |
| -- | January2016 |
| 700 1# - ADDED ENTRY--PERSONAL NAME | |
| Personal name | Craven, Ruth F., |
| Relator term | editor. |
| 9 (RLIN) | 8560 |
| 700 1# - ADDED ENTRY--PERSONAL NAME | |
| Personal name | Hirnle, Constance J., |
| Relator term | editor. |
| 9 (RLIN) | 8561 |
| 700 1# - ADDED ENTRY--PERSONAL NAME | |
| Personal name | Jensen, Sharon, |
| Dates associated with a name | 1955- |
| Relator term | editor. |
| 9 (RLIN) | 38222 |
| 942 ## - ADDED ENTRY ELEMENTS (KOHA) | |
| Source of classification or shelving scheme | Dewey Decimal Classification |
| Withdrawn status | Lost status | Source of classification or shelving scheme | Damaged status | Not for loan | Koha collection | Home library | Current library | Shelving location | Date acquired | Source of acquisition | Cost, normal purchase price | Serial Enumeration / chronology | Total Checkouts | Total Renewals | Full call number | Barcode | Date last seen | Date last borrowed | Cost, replacement price | Koha item type |
|---|---|---|---|---|---|---|---|---|---|---|---|---|---|---|---|---|---|---|---|---|
| Dewey Decimal Classification | Baccah | Central Library | Central Library | First floor | 06/07/2015 | Purchase | 878.00 | 22353 | 2 | 21 | 610.73 FUN | 000039451 | 15/07/2025 | 23/04/2017 | 1098.00 | Book - Borrowing |